Europe Capital Quiz - Statistics

General Stats
  • This quiz has been taken 17 times
  • The average score is 37 of 45
Answers on the Map
Answers color-coded by a green-red scale on the quiz's map according to % correct below.
 
Answer Stats
Answer % Correct
France
100%
Ireland
100%
Italy
100%
Portugal
100%
Russia
100%
Spain
100%
United Kingdom
100%
Germany
94%
Iceland
94%
Norway
94%
Poland
94%
Vatican City
94%
Andorra
88%
Belgium
88%
Czech Republic
88%
Denmark
88%
Finland
88%
Greece
88%
Luxembourg
88%
Monaco
88%
Switzerland
88%
Belarus
82%
Estonia
82%
Sweden
82%
Ukraine
82%
Bulgaria
76%
Croatia
76%
Liechtenstein
76%
Malta
76%
Netherlands
76%
Romania
76%
San Marino
76%
Austria
71%
Bosnia and Herzegovina
71%
Hungary
71%
Latvia
71%
Kosovo
65%
Lithuania
65%
Moldova
65%
Tirana
65%
Macedonia
59%
Slovakia
59%
Slovenia
59%
Montenegro
53%
Serbia
53%
No matching quizzes found
Score Distribution
Percent of People with Each Score
Percentile by Number Answered
Your Score History
You have not taken this quiz